Normal view
MARC view
Entry Nombre personal
001 - NÚMERO DE CONTROL
- campo de control: 108965
003 - IDENTIFICADOR DE NÚMERO DE CONTROL
- campo de control: OSt
005 - FECHA Y HORA DE LA ÚLTIMA TRANSACCIÓN
- campo de control: 20250809001305.0
008 - ELEMENTOS DE DATO DE LONGITUD-FIJA
- campo de control de longitud fija: 040826 n acnnnaaan n ann d
040 ## - FUENTE DE CATALOGACIÓN
- Centro catalogador/agencia de origen: OSt
- Centro/agencia transcriptor: OSt
100 1# - ENCABEZAMIENTO-NOMBRE DE PERSONA
- Nombre de persona: Sylva, Carmen,
- Fechas asociadas al nombre: 1843-1916
400 1# - TRAZADO DE VÉASE--NOMBRE DE PERSONA
- Nombre de persona: Wied, Isabel de
- Títulos y otros términos asociados al nombre: Reina de Rumanía
400 0# - TRAZADO DE VÉASE--NOMBRE DE PERSONA
- Nombre de persona: Isabel
- Títulos y otros términos asociados al nombre: Reina consorte de Carlos I, Rey de Rumanía
